| 000 | 01276cam a22003495a 4500 | ||
|---|---|---|---|
| 003 | EG-ScBUE | ||
| 005 | 20220609123657.0 | ||
| 008 | 101101m20052006enka f 000 0 eng d | ||
| 020 | _a1859648088 (Part A) | ||
| 020 | _a9781859648087 (Part A) | ||
| 020 | _a185964807X (Part A) | ||
| 020 | _a1859648169 (Part B) | ||
| 020 | _a9781859648162 (Part B) | ||
| 040 |
_aEG-ScBUE _beng _erda _cEG-ScBUE _dEG-ScBUE |
||
| 082 | 0 | 4 |
_a428.24 _bPHI _222 |
| 100 | 1 |
_aPhillips, Terry, _d1949- _eauthor. _920796 |
|
| 245 | 1 | 0 |
_aStarting skills in English. _pReading and writing, _pTeacher's book / _cTerry Phillips, Anna Phillips. |
| 246 | 3 | 0 | _aReading and writing |
| 246 | 3 | 0 | _aTeacher's book |
| 264 | 1 |
_aReading, UK : _bGarnet Education, _c[between 2005-2006] |
|
| 300 |
_a2 volumes : _bcolor illustrations ; _c28 cm |
||
| 336 |
_2rdacontent _atext _btxt |
||
| 337 |
_2rdamedia _aunmediated _bn |
||
| 338 |
_2rdacarrier _avolume _bnc |
||
| 505 | 0 | _aPart A -- Part B. | |
| 520 | _aA skills course providing immediate access for false beginners to study academic skills. | ||
| 590 | _amohamed. | ||
| 650 | 7 |
_aEnglish language _vTextbooks for foreign speakers. _2BUEsh _920797 |
|
| 653 |
_bHHUUEENN _cJuly2019 |
||
| 655 |
_vReading book _934232 |
||
| 942 |
_cTR _k428.24 PHI _2ddc |
||
| 999 |
_c4772 _d4772 |
||